000 00741nam a2200229 a 4500
001 60202
003 BD-RjUL
005 20211209080820.0
008 170119s1970 pk 001 0 eng
035 _a(BD-RjUL)60326
040 _aDLC
_cDLC
_dBD-RjUL
_beng
041 _aeng
082 _a347.54906
_223
_bMAE 1970
100 1 _aMahmood, Shaukat
_9179234
245 1 4 _aThe Evidence act I of 1872 /
_cShaukat Mahmood
260 _aLahore :
_bPakistan Law Times Publications,
_c1970.
300 _a V. ;
_c25 cm.
505 0 _aV- 1. Sections 1-45.-- V- 2. Sections 46-113 -- V- 3. Sections 114-167. Index.
650 0 _aEvidence (Law)
_zPakistan.
_9179235
710 1 2 _aPakistan.
_tQānūn-i shahādat, 1972. 1970.
_9179236
942 _2ddc
_cBK
999 _c60202
_d60202